The Forest of Enchantments (Record no. 13764)

MARC details
000 -LEADER
fixed length control field 00414nam a2200169 4500
003 - CONTROL NUMBER IDENTIFIER
control field OSt
008 - FIXED-LENGTH DATA ELEMENTS--GENERAL INFORMATION
fixed length control field 251110b |||||||| |||| 00| 0 eng d
020 ## - INTERNATIONAL STANDARD BOOK NUMBER
International Standard Book Number 9789353573577
082 ## - DEWEY DECIMAL CLASSIFICATION NUMBER
Classification number 813.54
Item number DIF
100 ## - MAIN ENTRY--PERSONAL NAME
Personal name DIVAKARUNI, Chitra Lekha Banarjee
245 ## - TITLE STATEMENT
Title The Forest of Enchantments
250 ## - EDITION STATEMENT
Edition statement 1st ed.
260 ## - PUBLICATION, DISTRIBUTION, ETC. (IMPRINT)
Place of publication, distribution, etc Gurugram
Name of publisher, distributor, etc Harper Collins
Date of publication, distribution, etc 2019
300 ## - PHYSICAL DESCRIPTION
Extent 361
650 ## - SUBJECT ADDED ENTRY--TOPICAL TERM
Topical term or geographic name as entry element General
942 ## - ADDED ENTRY ELEMENTS (KOHA)
Source of classification or shelving scheme Dewey Decimal Classification
Koha item type Text Books
Holdings
Withdrawn status Lost status Source of classification or shelving scheme Damaged status Not for loan Collection code Home library Current library Date acquired Source of acquisition Currency Cost, normal purchase price Bill Number Total Checkouts Full call number Acc. no. / Barcode Date last seen Actual Cost, discounted price Bill Date Koha item type
    Dewey Decimal Classification     Book Club and Indian Knowledge System PIET C-LIBRARY PIET C-LIBRARY 08/11/2025 Zafaa Books INR 499.00 ZBD0303   813.54 DIF CL58 10/11/2025 349.30 08/11/2025 Text Books

Design & Developed by: PIET Central Library
R70 Miles Stone Pattikalyana Samalkha Panipat 132102
mail ID :- [email protected], Phone No:- 0180-2569700 Ex.216